000
00339nam a2200145Ia 4500
008
191201s2009 xx 000 0 und d
082
_a
658.15
_b
SRF
100
_a
SRINIVASAN, N P
245
0
_a
Financial Management
250
_a
Rep
260
_a
N. Delhi
_b
Vrinda Publications
_c
2009
300
_a
987
650
_a
MBA
942
_2
ddc
_c
BK
999
_c
4672
_d
4672